Arquitectura finlandesa en Otaniemi (Record no. 34964)
[ view plain ]
| 000 -LEADER | |
|---|---|
| campo de control de longitud fija | 00758nam a2200205 i 4500 |
| 001 - NÚMERO DE CONTROL | |
| campo de control | 34964 |
| 003 - IDENTIFICADOR DE NÚMERO DE CONTROL | |
| campo de control | ES-MaACL |
| 005 - FECHA Y HORA DE LA ÚLTIMA TRANSACCIÓN | |
| campo de control | 20230906155028.0 |
| 007 - CAMPO FIJO DE DESCRIPCIÓN FÍSICA--INFORMACIÓN GENERAL | |
| campo de control de longitud fija | t| |
| 008 - DATOS DE LONGITUD FIJA--INFORMACIÓN GENERAL | |
| campo de control de longitud fija | 030211s1967 sp f |||| | spa d |
| 100 1# - ENTRADA PRINCIPAL--NOMBRE DE PERSONA | |
| Nombre de persona | Borràs, Maria Lluïsa. |
| 9 (RLIN) | 146592 |
| 245 10 - MENCIÓN DEL TÍTULO | |
| Título | Arquitectura finlandesa en Otaniemi |
| Resto del título | : Alvar Aalto, Heikki Siren, Reima Pietilèa / |
| Mención de responsabilidad, etc. | [texto, María Lluisa Borrás ; fotos, Matti I. Jaatinen ; selección y secuencias, J. Prats Vallés]. |
| 250 ## - MENCION DE EDICION | |
| Mención de edición | Ed. multilingüe. |
| 260 ## - PUBLICACIÓN, DISTRIBUCIÓN, ETC. | |
| Lugar de publicación, distribución, etc. | [Barcelona : |
| Nombre del editor, distribuidor, etc. | Polígrafa, |
| Fecha de publicación, distribución, etc. | 1967] |
| 300 ## - DESCRIPCIÓN FÍSICA | |
| Extensión | 60 p., 8 fol. pleg., XCII lám. ; |
| Dimensiones | 21 cm. |
| 650 #4 - PUNTO DE ACCESO ADICIONAL DE MATERIA--TÉRMINO DE MATERIA | |
| Término de materia o nombre geográfico como elemento de entrada | Arquitectura finlandesa. |
| 9 (RLIN) | 164967 |
| 700 1# - ENTRADA AGREGADA--NOMBRE PERSONAL | |
| Nombre de persona | Jaatinen, Matti I. |
| 9 (RLIN) | 65786 |
| 700 1# - ENTRADA AGREGADA--NOMBRE PERSONAL | |
| Nombre de persona | Prats Vallès, Joan. |
| 9 (RLIN) | 93709 |
| 852 ## - LOCALIZACIÓN | |
| Ubicación | ES-MaACL |
| Número de control de estantería | C-43397 |
| Estatus retirado | Estado de pérdida | Estado de daño | No para préstamo | Biblioteca de origen | Biblioteca actual | Ubicación en estantería | Fecha de adquisición | Fuente de adquisición | Total de préstamos | Signatura topográfica completa | Código de barras | Visto por última vez | Precio de reemplazo | Tipo de ítem Koha |
|---|---|---|---|---|---|---|---|---|---|---|---|---|---|---|
| Biblioteca del Ateneo de Madrid | Biblioteca del Ateneo de Madrid | Depósito 2 | 17/01/2008 | C-43397 | 1036525 | 23/02/2023 | 23/02/2023 | Libro impreso |
